Music Quiz

Random Music or Album Quiz

Metal bands by album title, EASY edition Quiz Stats

 Plays Quiz not verified by Sporcle

Challenge
Share
Tweet
Embed
Score 0/50 Timer 10:00
0 Plays Today
album band % Correct
Master of PuppetsMetallica
99%
Reign in BloodSlayer
94.4%
ParanoidBlack Sabbath
92.6%
Ace of SpadesMotörhead
92%
Peace Sells...But Who's BuyingMegadeth
90.3%
Cowboys from HellPantera
89.3%
Holy DiverDio
88.7%
PowerslaveIron Maiden
87.4%
ToxicitySystem of a Down
85.5%
British SteelJudas Priest
82.2%
Shout at the DevilMötley Crüe
75%
Among the LivingAnthrax
67.8%
Machine HeadDeep Purple
63.9%
Love GunKiss
59.2%
LateralusTool
55.6%
PyromaniaDef Leppard
52.1%
1984Van Halen
51.9%
Kings of MetalManowar
51%
Scream Bloody GoreDeath
50.3%
Bonded by BloodExodus
48.6%
Life is PeachyKorn
48.5%
Images and WordsDream Theater
47.3%
Welcome to HellVenom
45.9%
AbigailKing Diamond
44.8%
WatershedOpeth
41.1%
album band % Correct
Stay HungryTwisted Sister
40.1%
Don't Break the OathMercyful Fate
39.7%
HeartworkCarcass
39%
Altars of MadnessMorbid Angel
38.9%
Beneath the RemainsSepultura
38.7%
Speak English or DieStormtroopers of Death
37.9%
Walls of JerichoHelloween
36.5%
To Mega TherionCeltic Frost
32.3%
Wheels of SteelSaxon
31.6%
FilosofemBurzum
31.5%
Cruelty and the BeastCradle of Filth
30.5%
Metal HeartAccept
29.2%
Seven ChurchesPossessed
29.1%
Century ChildNightwish
28.8%
Anthems to the Welkin at DuskEmperor
27.7%
Extreme AggressionKreator
27.5%
Long Live Rock 'n' RollRainbow
25.6%
Draconian TimesParadise Lost
21.6%
The Last CommandW.A.S.P.
21.2%
Battle MetalTurisas
21.2%
From Enslavement to ObliterationNapalm Death
20.3%
Under Jolly RogerRunning Wild
19.2%
1987Whitesnake
15.5%
Demons and WizardsUriah Heep
14.2%
In God We TrustStryper
12.1%

You're not logged in!

Compare scores with friends on all Sporcle quizzes.
OR
Log In

You Might Also Like...

Show Comments

Extras

Top Quizzes Today


Score Distribution

Your Account Isn't Verified!

In order to create a playlist on Sporcle, you need to verify the email address you used during registration. Go to your Sporcle Settings to finish the process.

Report this User

Report this user for behavior that violates our Community Guidelines.

Details: